000
00295nam a2200133Ia 4500
008
190216s9999||||xx |||||||||||||| ||und||
100
_a
Ajoy Ghatak
245
0
_a
Optics
250
_a
2nd Ed.
260
_b
Tata Mcgrawhill Publishers
_c
1997
300
_a
694
650
_a
Physics
942
_c
BK
999
_c
33303
_d
33303